[Event "GER-chT U16"]
[Site "Willingen"]
[Date "2021.06.26"]
[Round "6.8"]
[White "Schuh, Robert"]
[Black "Kravtsov, Maksim"]
[Result "0-1"]
[WhiteElo "1588"]
[BlackElo "1805"]
[PlyCount "74"]
[EventDate "2021.06.23"]
[EventType "team-swiss"]
[EventRounds "7"]
[EventCountry "GER"]
[SourceTitle "CBM 203 Extra"]
[Source "ChessBase"]
[SourceDate "2021.09.30"]
[SourceVersion "1"]
[SourceVersionDate "2021.09.30"]
[SourceQuality "1"]
[WhiteTeam "Hoyerswerda"]
[BlackTeam "Karlsruhe SF"]
[WhiteTeamCountry "GER"]
[BlackTeamCountry "GER"]

1. d4 Nf6 2. c4 e6 3. Nc3 d5 4. e3 Nbd7 5. Nf3 Be7 6. Be2 0-0 7. Qc2 b6 8. 0-0 Bb7 9. b3 Ne4 10. Nd2 Ndf6 11. Ncxe4 dxe4 12. Bb2 c5 13. dxc5 Bxc5 14. Rac1 Qe7 15. Bxf6 Qxf6 16. Nxe4 Qg6 17. Ng3 f5 18. Bf3 Bxf3 19. gxf3 e5 20. Kh1 Rf6 21. Qd3 Kh8 22. Rcd1 Raf8 23. f4 exf4 24. exf4 Qg4 25. Qe2 Qh4 26. Qf3 Rh6 27. Qg2 Qxf4 28. Rd7 Rg6 29. f3 Bd6 30. Rxa7 h5 31. Ra4 Qg5 32. Rg1 Bc5 33. Rd1 f4 34. Rd5 Qf6 35. Rxh5+ Kg8 36. Rxc5 bxc5 37. Nh5 Qa1+ 0-1

[Event "GER-chT U16"]
[Site "Willingen"]
[Date "2021.06.24"]
[Round "1.8"]
[White "Kravtsov, Maksim"]
[Black "Haufe, Laurin"]
[Result "1-0"]
[WhiteElo "1805"]
[BlackElo "2052"]
[PlyCount "94"]
[EventDate "2021.06.23"]
[EventType "team-swiss"]
[EventRounds "7"]
[EventCountry "GER"]
[SourceTitle "CBM 203 Extra"]
[Source "ChessBase"]
[SourceDate "2021.09.30"]
[SourceVersion "1"]
[SourceVersionDate "2021.09.30"]
[SourceQuality "1"]
[WhiteTeam "Karlsruhe SF"]
[BlackTeam "Leipzig SG "]
[WhiteTeamCountry "GER"]
[BlackTeamCountry "GER"]

1. d4 Nf6 2. Nf3 g6 3. Bg5 Bg7 4. Nbd2 d6 5. e4 0-0 6. Bd3 Nbd7 7. 0-0 e5 8. c3 c6 9. Rc1 Qc7 10. a4 h6 11. Bh4 Nh5 12. b4 Nf4 13. Nb3 Re8 14. Bg3 Nxd3 15. Qxd3 Nf8 16. h3 Be6 17. c4 Rad8 18. d5 Bc8 19. Nfd2 f5 20. f3 Nh7 21. Bf2 fxe4 22. fxe4 Rf8 23. c5 cxd5 24. Qxd5+ Kh8 25. cxd6 Qxd6 26. Qxd6 Rxd6 27. Bc5 Rxf1+ 28. Kxf1 Rf6+ 29. Ke2 Bd7 30. Bxa7 Bxa4 31. Rc7 Bb5+ 32. Ke1 Ba6 33. Nc5 Ng5 34. Nxb7 Ne6 35. Re7 Nf4 36. Nc5 Nxg2+ 37. Kd1 Bb5 38. Rb7 Bf1 39. b5 Ne3+ 40. Ke1 Bxh3 41. Rb8+ Kh7 42. b6 Bf8 43. b7 Bd6 44. Rd8 Bc7 45. Re8 Rf7 46. Bb8 Bf1 47. Bxc7 Rxc7 1-0

[Event "Verbandsliga Nordbaden 1920"]
[Site "Baden"]
[Date "2020.01.12"]
[Round "4.8"]
[White "Rechmann, Klaus"]
[Black "Kravtsov, Maksim"]
[Result "1/2-1/2"]
[WhiteElo "2237"]
[BlackElo "1784"]
[PlyCount "99"]
[EventDate "2019.09.29"]
[EventType "team-tourn"]
[EventRounds "9"]
[EventCountry "GER"]
[SourceTitle "EXT 2021"]
[Source "ChessBase"]
[SourceDate "2020.10.23"]
[SourceVersion "1"]
[SourceVersionDate "2020.10.23"]
[SourceQuality "1"]
[WhiteTeam "Hockenheim II"]
[BlackTeam "Karlsruhe II"]
[WhiteTeamCountry "GER"]
[BlackTeamCountry "GER"]

1. e4 e6 2. d4 d5 3. e5 c5 4. c3 Qb6 5. Nf3 Nc6 6. a3 f6 7. Bd3 fxe5 8. dxe5 Nge7 9. 0-0 g6 10. Re1 Bg7 11. b4 0-0 12. bxc5 Qc7 13. Bg5 Nf5 14. Qe2 Na5 15. Nbd2 Qxc5 16. c4 Nd4 17. Nxd4 Qxd4 18. Nf3 Qb6 19. Rab1 Qc6 20. cxd5 exd5 21. e6 a6 22. Rbc1 Qd6 23. a4 Re8 24. e7 Nc6 25. Rcd1 Bc3 26. Bc4 Nb4 27. Bd2 Bf6 28. Bxb4 Qxb4 29. Bxd5+ Kg7 30. Rb1 Qxa4 31. Bxb7 Rxe7 32. Bxa8 Rxe2 33. Rxe2 Bf5 34. Rc1 Qb5 35. Ree1 a5 36. h3 g5 37. g4 Bg6 38. Bc6 Qb3 39. Re3 Qb4 40. Kg2 a4 41. Ne5 a3 42. Nxg6 hxg6 43. Bd5 Kh6 44. Rd1 Qb2 45. Re6 Kg7 46. Re3 a2 47. Bxa2 Qxa2 48. Rd7+ Kh6 49. Rf3 Qe6 50. Rb7 1/2-1/2

[Event "GER-chT U16"]
[Site "Magdeburg"]
[Date "2019.12.28"]
[Round "4.3"]
[White "Klaas, Heiko"]
[Black "Kravtsov, Maksim"]
[Result "1/2-1/2"]
[WhiteElo "1759"]
[BlackElo "1784"]
[PlyCount "62"]
[EventDate "2019.12.27"]
[EventType "team-swiss"]
[EventRounds "7"]
[EventCountry "GER"]
[SourceTitle "CBM 194 Extra"]
[Source "ChessBase"]
[SourceDate "2020.03.31"]
[SourceVersion "1"]
[SourceVersionDate "2020.03.31"]
[SourceQuality "1"]
[WhiteTeam "Hamburger SK"]
[BlackTeam "Karlsruhe SF"]
[WhiteTeamCountry "GER"]
[BlackTeamCountry "GER"]

1. e4 e6 2. d4 d5 3. Nd2 c5 4. exd5 Qxd5 5. dxc5 Bxc5 6. Ngf3 Nf6 7. Bc4 Qh5 8. 0-0 Bd7 9. Nb3 Bc6 10. Nxc5 Qxc5 11. b3 Nbd7 12. Nd4 Nb6 13. Nxc6 Qxc6 14. Bd3 0-0-0 15. Bb2 Nbd5 16. Qf3 Nb4 17. Be2 Qxf3 18. Bxf3 Kb8 19. c4 Nd3 20. Bc3 e5 21. g3 Rhe8 22. Rad1 e4 23. Bg2 h5 24. Rd2 Ng4 25. Bxg7 f5 26. h3 e3 27. fxe3 Nxe3 28. Rb1 Rg8 29. Bf6 Rd7 30. Kh2 Rg6 31. Bc3 h4 1/2-1/2

[Event "Verbandsliga Nordbaden 1920"]
[Site "Baden"]
[Date "2019.12.01"]
[Round "3.7"]
[White "Feil, Stephan"]
[Black "Kravtsov, Maksim"]
[Result "1-0"]
[WhiteElo "2115"]
[BlackElo "1784"]
[PlyCount "41"]
[EventDate "2019.09.29"]
[EventType "team-tourn"]
[EventRounds "9"]
[EventCountry "GER"]
[SourceTitle "EXT 2021"]
[Source "ChessBase"]
[SourceDate "2020.10.23"]
[SourceVersion "1"]
[SourceVersionDate "2020.10.23"]
[SourceQuality "1"]
[WhiteTeam "Ladenburg"]
[BlackTeam "Karlsruhe II"]
[WhiteTeamCountry "GER"]
[BlackTeamCountry "GER"]

1. e4 e6 2. d4 d5 3. Nc3 Bb4 4. Nge2 dxe4 5. a3 Bxc3+ 6. Nxc3 Nc6 7. d5 exd5 8. Qxd5 Be6 9. Qxe4 Nf6 10. Qh4 Qe7 11. Be2 0-0-0 12. Be3 Bf5 13. Qa4 Kb8 14. 0-0 Ne4 15. Bf3 Nxc3 16. bxc3 Bd7 17. Rab1 b6 18. Bxc6 Bxc6 19. Qxc6 Rd6 20. Qb5 Rhd8 21. Bc5 1-0

[Event "Verbandsliga Nordbaden 1920"]
[Site "Baden"]
[Date "2019.09.29"]
[Round "1.8"]
[White "Fidlin, Simon"]
[Black "Kravtsov, Maksim"]
[Result "1-0"]
[WhiteElo "1959"]
[BlackElo "1784"]
[PlyCount "53"]
[EventDate "2019.09.29"]
[EventType "team-tourn"]
[EventRounds "9"]
[EventCountry "GER"]
[SourceTitle "EXT 2021"]
[Source "ChessBase"]
[SourceDate "2020.10.23"]
[SourceVersion "1"]
[SourceVersionDate "2020.10.23"]
[SourceQuality "1"]
[WhiteTeam "Karlsruhe"]
[BlackTeam "Karlsruhe II"]
[WhiteTeamCountry "GER"]
[BlackTeamCountry "GER"]

1. Nf3 g6 2. e4 e6 3. d4 Ne7 4. Nc3 Bg7 5. h4 h5 6. Bg5 d5 7. Qd2 b6 8. exd5 exd5 9. 0-0-0 Be6 10. Bb5+ c6 11. Bd3 0-0 12. Rhe1 Re8 13. Bxg6 Qd7 14. Bxh5 Ng6 15. Bxg6 fxg6 16. Ne5 Bxe5 17. Rxe5 Qf7 18. Rde1 Nd7 19. R5e3 Bf5 20. f3 Rxe3 21. Qxe3 Nf6 22. Bxf6 Qxf6 23. g4 Bd7 24. Qe7 Qf4+ 25. Qe3 Qg3 26. Qe5 Qxh4 27. Nxd5 1-0

[Event "GER-chT U14"]
[Site "Magdeburg"]
[Date "2018.12.29"]
[Round "5.2"]
[White "Bornholdt, Joa Max"]
[Black "Kravtsov, Maksim"]
[Result "1/2-1/2"]
[WhiteElo "1649"]
[BlackElo "1861"]
[PlyCount "40"]
[EventDate "2018.12.27"]
[EventType "team-swiss"]
[EventRounds "7"]
[EventCountry "GER"]
[SourceTitle "CBM 188 Extra"]
[Source "ChessBase"]
[SourceDate "2019.02.28"]
[SourceVersion "1"]
[SourceVersionDate "2019.02.28"]
[SourceQuality "1"]
[WhiteTeam "Luebeck"]
[BlackTeam "Karlsruhe SF"]
[WhiteTeamCountry "GER"]
[BlackTeamCountry "GER"]

1. Nf3 e6 2. c4 g6 3. d4 Bg7 4. Nc3 Ne7 5. e4 0-0 6. Be2 d5 7. exd5 exd5 8. 0-0 h6 9. Bf4 a6 10. Qd2 Kh7 11. Rfe1 Be6 12. Ne5 dxc4 13. Rad1 c6 14. Nxc4 Bxc4 15. Bxc4 Nd5 16. Bxd5 cxd5 17. Be5 Nc6 18. Bxg7 Kxg7 19. Na4 Qd6 20. Re3 Rae8 1/2-1/2

[Event "GER-chT U14"]
[Site "Magdeburg"]
[Date "2018.12.28"]
[Round "3.2"]
[White "Kravtsov, Maksim"]
[Black "Toval, David"]
[Result "1/2-1/2"]
[WhiteElo "1861"]
[BlackElo "1866"]
[PlyCount "83"]
[EventDate "2018.12.27"]
[EventType "team-swiss"]
[EventRounds "7"]
[EventCountry "GER"]
[SourceTitle "CBM 188 Extra"]
[Source "ChessBase"]
[SourceDate "2019.02.28"]
[SourceVersion "1"]
[SourceVersionDate "2019.02.28"]
[SourceQuality "1"]
[WhiteTeam "Karlsruhe SF"]
[BlackTeam "Muenster"]
[WhiteTeamCountry "GER"]
[BlackTeamCountry "GER"]

1. d4 Nf6 2. c4 g6 3. Nc3 Bg7 4. g3 d6 5. Bg2 0-0 6. e3 e5 7. Nge2 Nbd7 8. 0-0 Rb8 9. b3 a6 10. a4 Ne8 11. Ba3 f5 12. dxe5 Bxe5 13. Rc1 Bg7 14. Nf4 Ne5 15. c5 b5 16. axb5 axb5 17. Bb4 c6 18. cxd6 Rf6 19. Bxc6 Nxc6 20. Qd5+ Kh8 21. Qxc6 Bb7 22. Qc5 Rxd6 23. Rfd1 Rc8 24. Rxd6 Nxd6 25. Qxd6 Qxd6 26. Bxd6 Rxc3 27. Rxc3 Bxc3 28. b4 Kg7 29. Ne6+ Kf6 30. Nd4 Bxd4 31. exd4 Ke6 32. Bc5 Bf3 33. Kf1 f4 34. Ke1 Kf5 35. Bd6 fxg3 36. fxg3 Ke4 37. Bc5 g5 38. Kf2 g4 39. Bb6 h5 40. Bc5 Kd3 41. Bb6 Ke4 42. Bc5 1/2-1/2

[Event "Baden Wuerttemberg-chT U14"]
[Site "Burg Ortenberg"]
[Date "2018.06.24"]
[Round "4.2"]
[White "Afonso, Nils"]
[Black "Kravtsov, Maksim"]
[Result "1/2-1/2"]
[WhiteElo "1870"]
[BlackElo "1814"]
[PlyCount "112"]
[EventDate "2018.06.23"]
[EventType "team-tourn"]
[EventRounds "5"]
[EventCountry "GER"]
[SourceTitle "EXT 2019"]
[Source "ChessBase"]
[SourceDate "2018.10.10"]
[SourceVersion "1"]
[SourceVersionDate "2018.10.10"]
[SourceQuality "1"]
[WhiteTeam "Kornwestheim U14"]
[BlackTeam "Karlsruhe U14"]
[WhiteTeamCountry "GER"]
[BlackTeamCountry "GER"]

1. d4 d5 2. c4 e6 3. Nc3 Nf6 4. cxd5 exd5 5. Bg5 Be7 6. e3 c6 7. Bd3 0-0 8. Qc2 h6 9. Bh4 Re8 10. Nf3 Nbd7 11. 0-0 Ne4 12. Bxe7 Qxe7 13. b4 Qxb4 14. Nxe4 dxe4 15. Bxe4 Nf6 16. Rab1 Qd6 17. Bd3 Rb8 18. h3 Be6 19. Ne5 c5 20. Nc4 Bxc4 21. Bxc4 cxd4 22. Rfd1 Rec8 23. Rxd4 Qc6 24. Rc1 Qe8 25. a4 Qe5 26. Qb3 Rc7 27. Qc3 Re7 28. Rcd1 Qc7 29. Qc2 a6 30. Rf4 b5 31. Rxf6 Qxc4 32. Qxc4 bxc4 33. Rc6 Rb4 34. a5 Ra4 35. Rxa6 Rc7 36. Kf1 Ra2 37. Ke1 c3 38. Ra8+ Kh7 39. a6 Rc6 40. a7 Rc7 41. Rc1 Raxa7 42. Rxa7 Rxa7 43. Rxc3 Ra2 44. Rd3 g6 45. Rd2 Ra7 46. Ke2 Kg7 47. f4 Rc7 48. e4 Re7 49. Kf3 Rc7 50. Rd3 Rb7 51. e5 Re7 52. g4 g5 53. Ke4 gxf4 54. Kxf4 Re6 55. Ke4 Rc6 56. Kf5 Re6 1/2-1/2

[Event "Baden Wuerttemberg-chT U14"]
[Site "Burg Ortenberg"]
[Date "2018.06.24"]
[Round "5.2"]
[White "Kravtsov, Maksim"]
[Black "Straub, Benno"]
[Result "1-0"]
[WhiteElo "1814"]
[BlackElo "1442"]
[PlyCount "59"]
[EventDate "2018.06.23"]
[EventType "team-tourn"]
[EventRounds "5"]
[EventCountry "GER"]
[SourceTitle "EXT 2019"]
[Source "ChessBase"]
[SourceDate "2018.10.10"]
[SourceVersion "1"]
[SourceVersionDate "2018.10.10"]
[SourceQuality "1"]
[WhiteTeam "Karlsruhe U14"]
[BlackTeam "Zaehringen U14"]
[WhiteTeamCountry "GER"]
[BlackTeamCountry "GER"]

1. d4 d5 2. c4 c6 3. Nf3 Nf6 4. Nc3 Bf5 5. cxd5 cxd5 6. Qb3 Qb6 7. Nxd5 Nxd5 8. Qxd5 e6 9. Qb3 Bb4+ 10. Bd2 Bxd2+ 11. Nxd2 Nc6 12. Qxb6 axb6 13. e4 Bg6 14. Bb5 Rd8 15. Rc1 0-0 16. Bxc6 bxc6 17. 0-0 Rxd4 18. Nf3 Rxe4 19. Rxc6 Rb4 20. b3 Be4 21. Rc3 Ra8 22. Nd2 Bd5 23. a3 Rb5 24. b4 h6 25. Rfc1 Kh7 26. h3 Ra7 27. Nf3 f6 28. Nd4 Bc4 29. Rxc4 Re5 30. Nc6 1-0